000108707 001__ 108707
000108707 005__ 20211216104752.0
000108707 037__ $$aTAZ-TFG-2021-4426
000108707 041__ $$aspa
000108707 1001_ $$aBoned Aguareles, Lucía
000108707 24200 $$aInformative treatment of the wave of covid-19 in Aragón.
000108707 24500 $$aTratamiento informativo de la segunda ola de covid-19 en Aragón.
000108707 260__ $$aZaragoza$$bUniversidad de Zaragoza$$c2021
000108707 506__ $$aby-nc-sa$$bCreative Commons$$c3.0$$uhttp://creativecommons.org/licenses/by-nc-sa/3.0/
000108707 520__ $$aEl 14 de marzo de 2020, el Gobierno de España decretaba un estado de alarma en todo el territorio nacional para hacer frente a la crisis sanitaria ocasionada por la covid-19. Un virus identificado por primera vez en diciembre de 2019 en la ciudad china de Wuhan que se extendió por todo el mundo cambiando la vida de millones de personas. En España, la pandemia de coronavirus ha dejado, hasta la fecha, más de cinco millones de contagios y 87.617 personas han fallecido según datos del Ministerio de Sanidad. A lo largo de las cinco ondas epidémicas que han golpeado a la nación española, la población ha aprendido a convivir con el virus, los gobiernos se han acostumbrado a legislar en materia sanitaria y los medios de comunicación han informado constantemente sobre la actualidad del coronavirus. La comunidad autónoma de Aragón cuenta con una onda epidémica más que el resto de España: la segunda ola aragonesa que captó en el verano de 2020 la atención de numerosos medios de comunicación. En este trabajo, se analizará el tratamiento informativo que le dieron los medios televisivos españoles a Aragón durante su segunda ola. Se observará cómo las cadenas de televisión TVE, Telecinco y Aragón TV transmitieron el mismo acontecimiento desde distintos puntos de vista. Además, también se analizará la proyección negativa que tuvo la comunidad aragonesa en España y Europa.<br /><br />
000108707 521__ $$aGraduado en Periodismo
000108707 540__ $$aDerechos regulados por licencia Creative Commons
000108707 700__ $$aSánchez Sánchez, Miriam$$edir.
000108707 700__ $$aEsteban Navarro, Miguel Ángel$$edir.
000108707 7102_ $$aUniversidad de Zaragoza$$b $$c
000108707 8560_ $$f758824@unizar.es
000108707 8564_ $$s7502943$$uhttps://zaguan.unizar.es/record/108707/files/TAZ-TFG-2021-4426.pdf$$yMemoria (spa)
000108707 909CO $$ooai:zaguan.unizar.es:108707$$pdriver$$ptrabajos-fin-grado
000108707 950__ $$a
000108707 951__ $$adeposita:2021-12-16
000108707 980__ $$aTAZ$$bTFG$$cFFYL
000108707 999__ $$a20211111233016.CREATION_DATE